000 00738nam a22002177a 4500
005 20251108165406.0
008 250721s1982 xx 000 0 ara d
082 1 4 _aم/923.45605/خشن
100 1 _aالخشني القروي، أبو عبد الله محمد بن الحارث بن أسد ... الأندلسي
245 1 0 _aقضاة قرطبة /
264 1 _aبيروت :
_bدار الكتاب اللبناني،
_c1982.
300 _a263ص
490 0 _aالمكتبة الأندلسية ؛ 4
650 1 7 _aالأندلس
650 1 7 _aالتاريخ السياسي
650 1 7 _aالتراجم
650 1 7 _aالقضاة
700 1 _aالأبياري، إبراهيم
_eتحقيق
942 _2ddc
_cREF
999 _c26807
_d26807